000
00190 a2200097 4500
020
_a
9789978803035
041
_a
spa
100
_a
Hermanos Grimm
245
_a
Cuentos para niǫs
942
_c
BK
999
_c
1531
_d
1531